00585nam a2200217Ia 4500008004100000020001800041050001700059050001400076100002200090245004000112245002200152260001000174260002100184260000900205300001600214300002000230300001100250500002000261650004500281650004100326180523s9999 xx 000 0 und d a0-7360-3775-6 aMAIN GV 1111 b.W35 2003 aWalker, Joseph B. 0aSelf-defense techniques & tactics / 0cJoseph B. Walker. aUSA : bHuman Kinetics., c2003 a189 pages : billustrations ; c25 cm. aIncludes index. aSelf-defense -- Handbooks, manuals, etc. xSelf-defense techniques and tactics.